000 00793nmc a2200289 a 4500
003 AR-BaBNM
005 20251128205527.0
008 257119s1991 ||||||||||||||000 | spa||
020 _a84-7888-049-6
040 _cAR-BaBNM
100 1 _aDahrendorf, Ralf
245 1 0 _aReflexiones sobre la revolución en Europa
_ben una carta pensada para un caballero de Varsovia
260 _aBarcelona
_bEmecé
_c1991
300 0 _a193 p.
490 0 _aReflexiones
650 4 _aHISTORIA EUROPEA
650 4 _aHISTORIA POLITICA
650 4 _aPOLITICA INTERNACIONAL
650 4 _aIDEOLOGIAS POLITICAS
650 4 _aREVOLUCION
650 4 _aDEMOCRACIA
651 4 _aEuropa
653 0 _aFORMAS DE GOBIERNO
700 1 _aBixio, Alberto Luis
_etraductor
942 _cBK
998 _cMariana
999 _c11753
_d11753